000 01317cam a22003251 4500
001 gs 37000166
003 DLC
005 20260227111342.0
008 761111s1936 oncaf b 000 0 eng c
010 _ags 37000166
035 _a(OCoLC)2552855
040 _aU.S.Geol.survey. Library
_cOGraD
_dNSbSU
_dDLC
042 _apremarc
050 0 0 _aQE185
_b.A2 no. 202
100 1 _aWilson, Alice Evelyn,
_d1881-
245 0 0 _aContributions to the study of the Ordovician of Ontario and Quebec,
_cby A. E. Wilson, J. F. Caley, J. C. Sproule and V. J. Okulitch.
260 _aOttawa,
_bJ.O. Patenaude, I.S.O., Printer to the king,
_c1936.
300 _aiv, 133 p.
_bincl. illus., tables, diagr. IX pl.
_c25 cm.
490 1 _aCanada. Geological Survey. Memoir 202
500 _aAt head of title: Canada. Department of Mines. Bureau of Economic Geology.
504 _a"Selected bibliography": p. 17-20.
504 _a"References cited": p. 130.
650 0 _aGeology, Stratigraphic
_yOrdovician.
650 0 _aGeology
_zOntario.
650 0 _aGeology
_zQuébec (Province)
700 1 _aCaley, John Fletcher,
_d1905-
_ejoint author.
700 1 _aSproule, John Campbell,
_d1905-
_ejoint author.
700 1 _aOkulitch, Vladimir Joseph,
_d1906-
_ejoint author.
830 0 _aMemoir (Geological Survey of Canada) ;
_v202
999 _c27360
_d27360